000 00797nam a2200277 a 4500
003 AR-BaBNM
005 20251128204252.0
008 082120s2002 ||||||||||||||000 | spa||
040 _cAR-BaBNM
100 1 _aRomano, Eduardo
245 0 0 _aAnálisis de "Don Segundo Sombra"
260 _aBuenos Aires
_bCentro Editor de América Latina
_c1967
300 _a57 p.
490 0 _aEnciclopedia literaria. España e Hispanoamérica
_vv. 18
500 _aContiene referencias bibliográficas en p. 54
600 1 4 _aGüiraldes, Ricardo
650 4 _aLITERATURA ARGENTINA
650 4 _aCRITICA LITERARIA
650 4 _aCOSTUMBRES Y TRADICIONES
650 4 _aESCRITORES
650 4 _aCRIOLLISMO
653 _aLITERATURA GAUCHESCA
655 _aLITERATURA
942 _cBK
998 _cMARTIN
999 _c6792
_d6792